| 000 | 00608nam a2200217 a 4500 | ||
|---|---|---|---|
| 001 | 76184 | ||
| 003 | BD-RjUL | ||
| 005 | 20211209082814.0 | ||
| 008 | 191107r19651964n ||||| i||| 00| 0 eng d | ||
| 035 | _a(BD-RjUL)76405 | ||
| 040 |
_aBD-RjUL _beng _cBD-RjUL |
||
| 041 | _aeng | ||
| 082 |
_223 _a659.2 _bDEP 1965 |
||
| 100 |
_aDerriman, James _9234640 |
||
| 245 |
_aPublic relations in business management / _cby James Derriman |
||
| 260 |
_aLondon : _bUniversity of London Press , _c1965 |
||
| 300 |
_a238 p. ; _c22 cm. |
||
| 500 | _aIncludes Index | ||
| 650 |
_aPublic relations. _9234641 |
||
| 942 |
_2ddc _cBK |
||
| 999 |
_c76184 _d76184 |
||